ბათუმის შოთა რუსთაველის სახელმწიფო უნივერსიტეტის ბიბლიოთეკა

ისმეთ დინდარი. (ბიბ.ჩანაწერი № 40678)

000 -LEADER
fixed length control field 00669nam a2200217Ia 4500
001 - CONTROL NUMBER
control field 7313
003 - CONTROL NUMBER IDENTIFIER
control field GE_BSU
008 - FIXED-LENGTH DATA ELEMENTS--GENERAL INFORMATION
fixed length control field 181216s||||||||xx |||||||||||||| ||und||
020 ## - INTERNATIONAL STANDARD BOOK NUMBER
International Standard Book Number 9992843586
040 ## - CATALOGING SOURCE
Transcribing agency GE_BSU
080 ## - UNIVERSAL DECIMAL CLASSIFICATION NUMBER
Universal Decimal Classification number 61(560)+929(560)(092)
100 ## - MAIN ENTRY--PERSONAL NAME
Personal name სურმანიძე რამაზ
245 ## - TITLE STATEMENT
Title ისმეთ დინდარი.
245 ## - TITLE STATEMENT
Statement of responsibility, etc. რედ.: ჯამბულ სურმანიძე.
260 ## - PUBLICATION, DISTRIBUTION, ETC.
Place of publication, distribution, etc. ბათუმი – სტამბოლი.
260 ## - PUBLICATION, DISTRIBUTION, ETC.
Name of publisher, distributor, etc. ალიონი.
260 ## - PUBLICATION, DISTRIBUTION, ETC.
Date of publication, distribution, etc. 2010.
300 ## - PHYSICAL DESCRIPTION
Extent 106 გვ.; 20 სმ.; ილ.
653 ## - INDEX TERM--UNCONTROLLED
Uncontrolled term ისმეთ დინდარი.
942 ## - ADDED ENTRY ELEMENTS (KOHA)
Koha item type წიგნი
ეგზემპლარები
Withdrawn status Lost status Damaged status Not for loan Date acquired Barcode Date last seen Price effective from Koha item type
        2018-12-17 18674 2018-12-17 2018-12-17 წიგნი